Muslim Selatan Thai : konflik dan perjuangan

Bibliographic Details
Other Authors: Farid Mat Zain, Zulkarnain Mohamed
Format: Book
Published: Selangor Darul Ehsan : Karisma Publications Sdn. Bhd. , 2008
Subjects:

MARC

LEADER 00000cam a2200000 7i4500
001 0000028641
005 20150409.0
008 091216
020 |a 9831953600 
082 1 |a HIS   |b MAL 
090 0 0 |a 305.697593   |b MUS 
245 1 0 |a Muslim Selatan Thai :   |b konflik dan perjuangan   |c edited by Farid Mat Zain,Zulkarnain Mohamed 
260 |a Selangor Darul Ehsan :   |b Karisma Publications Sdn. Bhd. ,   |c 2008 
650 0 |a Malays   |x History   |z Thailand,Southern 
650 0 |a Muslim   |x Politics and goverment   |z Thailand,Southern 
700 1 |a Farid Mat Zain 
700 1 |a Zulkarnain Mohamed 
999 |a 0001047291   |b Book   |c Adult Collection   |e Perbadanan Perpustakaan Awam Johor 
999 |a 0001047293   |b Book   |c Adult Collection   |e Perbadanan Perpustakaan Awam Johor 
999 |a 0001047294   |b Book   |c Adult Collection   |e Perbadanan Perpustakaan Awam Johor 
999 |a 0001064930   |b Book   |c Adult Collection   |e Cawangan Tmn. Ungku Tun Aminah 
999 |a 0001065843   |b Book   |c Adult Collection   |e Cawangan Bukit Gambir 
999 |a 0001066139   |b Book   |c Adult Collection   |e Cawangan Bandar Tenggara 
999 |a 0001066441   |b Book   |c Adult Collection   |e Cawangan Mersing 
999 |a 0001066833   |b Book   |c Adult Collection   |e Perbadanan Perpustakaan Awam Johor